LEADER 01287nam a2200289 4500 001 000000342519 003 CaOOAMICUS 005 20240327140726.0 008 201009s2020 it a 000 u ita r 020 $a978-88-550-1081-8 040 $aSeMil$bita 100 1 $aVignoli, Giulio.$0(OLS)http://semarc/name/112267 245 12$aI 184 bimbi di Gorla :$bun crimine degli americani /$cGiulio Vignoli. 264 1$aRoma :$bBastogiLibri,$c2020. 300 $a140 p. :$bill. ;$c21 cm 541 0 $aFondo mons. Mario Delpini 650 4$aMilano - Rioni e quartieri - Gorla.$0(OLS)http://semarc/subject/55300 650 4$aMilano - Rioni e quartieri - Gorla - Strage di Gorla <1944>.$0(OLS)http://semarc/subject/55331 650 4$aMilano - Storia - 1943-1945.$0(OLS)http://semarc/subject/27775 830 0$aTestimonianze [BastogiLibri].$0(OLS)http://semarc/title/431353 850 $aSeMil 852 $aSeMil$W1$xVenegono$y1$m3O II 220$j221932$B233451$CSeMilBibl$Z2$F233451 $81 941 1 $a7 996 $6020$a978-88-550-1081-8$9(OLS)http://semarc/number/291434 996 $6245$aI 184 bimbi di Gorla :$bun crimine degli americani$9(OLS)http://semarc/title/431352 996 $6264$aRoma :$bBastogiLibri$9(OLS)http://semarc/publisher/59343 LEADER 01087nam a2200265 i 4500 001 000000151586 003 CaOOAMICUS 005 20260218123832.0 008 060705s1986 it u000 u ita u 013 $a128925 040 $aSeMil$bita 100 1 $aReale, Basilio <1934-2011>.$0(OLS)http://semarc/name/59560 245 10$aSirene siciliane :$bl'anima esiliata in «Lighea» di Tomasi di Lampedusa /$cBasilio Reale ; prefazione di Vincenzo Consolo. 260 $aPalermo :$bSellerio,$c1986. 300 $a109 p. ;$c21 cm. 490 0 $aPrisma ;$v85 700 1 $aConsolo, Vincenzo,$d<1933-2012>.$0(OLS)http://semarc/name/31500 830 0$aPrisma ;$v85.$0(OLS)http://semarc/title/7944 850 $aSeMil 852 $aSeMil$W1$xVenegono$y1$m1D IV 167$j103612$B103612$CSeMilBibl$Z2$F112655 $81 941 1 $a1 961 $aOmaggio: Ciprandi dott. Paolo 996 $6245$aSirene siciliane :$bl'anima esiliata in «Lighea» di Tomasi di Lampedusa$9(OLS)http://semarc/title/221548 996 $6260$aPalermo :$bSellerio$9(OLS)http://semarc/publisher/32246 LEADER 01504nam a2200253 i 4500 001 000000257718 003 CaOOAMICUS 005 20180320000000.0 008 180320s1999 it u000 u ita u 013 $a236626 040 $aSeMil$bita 245 10$aSara e Tobia nella Chiesa del 2000 :$bla pastorale dei giovani sposi delle Chiese liguri : strumento di lavoro per le commissioni diocesane di pastorale della famiglia./ Ufficio catechistico Regione ecclesiastica ligure Commissione per la pastorale familiare. 260 $a[S.l. :$bs.n.],$cstampa 1999$e(Sarzana :$fAlpicella,$gstampa 1999) 300 $a40 p. ;$c18 cm. 500 $aOmaggio card. Dionigi Tettamanzi. 650 4$aFamiglie - Attivitą pastorale.$0(OLS)http://semarc/subject/2884 650 4$aLiguria.$0(OLS)http://semarc/subject/5853 700 1 $aRegione ecclesiastica ligure : Commissione per la pastorale familiare, Ufficio catechistico.$0(OLS)http://semarc/name/93193 850 $aSeMil 852 $aSeMil$W1$xVenegono$y1$m5D IX 25/23$j208064$B208064$CSeMilBibl$Z2$F223222 $81 941 1 $a5 961 $aLascito: Tettamanzi Card. Dionigi 996 $6245$aSara e Tobia nella Chiesa del 2000 :$bla pastorale dei giovani sposi delle Chiese liguri : strumento di lavoro per le commissioni diocesane di pastorale della famiglia./ Ufficio catechistico Regione ecclesiastica ligure Commissione per la pastorale familiare$9(OLS)http://semarc/title/413034 996 $6260$a[S.l. :$bs.n.]$9(OLS)http://semarc/publisher/29751